000 00538nam a22001937a 4500
003 KOHA_MİRAKIL
005 20251125121144.0
008 251125b tu ||||| |||| 00| 0 tur d
020 _a9786052902349
040 _aTR-AnABB
_btur
_cTR-AnABB
041 _atur
082 _a813.42
_bTUN 2022
100 1 _aTuncer, Serpil,
245 1 0 _aPlaton'u öldürmek /
_cSerpil Tuncer
260 _aİstanbul :
_bMetamorfoz Yayıncılık,
_c2022
300 _a224 sayfa ;
_c20 cm
650 0 4 _aTürk edebiyatı, roman
942 _2ddc
_cBK
999 _c9627
_d9627
900 _bGizem YORULMAZ